LEADER 01147nam a2200265 4500 001 000000362042 003 CaOOAMICUS 005 20250311120703.0 008 250310s1999 it 000 u ita r 020 $a88-420-5723-1 040 $aSeMil$bita 100 1 $aDuso, Giuseppe.$0(OLS)http://semarc/name/120761 245 13$aLa logica del potere :$bstoria concettuale come filosofia politica /$cGiuseppe Duso. 264 1$aRoma ; Bari :$bLaterza,$c1999. 300 $aVII, 231 p. ;$c21 cm 490 1 $aBiblioteca di cultura moderna ;$v1147 650 4$aFilosofia politica.$0(OLS)http://semarc/subject/358 830 0$aBiblioteca di cultura moderna ;$v1147.$0(OLS)http://semarc/title/639 850 $aSeMil 852 $aSeMil$W1$xVenegono$y1$m2G III 23$j255115$B252979$CSeMilBibl$Z2$F252979 $81 961 $aBuzzi mons. Franco - Omaggio 996 $6020$a88-420-5723-1$9(OLS)http://semarc/number/302691 996 $6245$aLa logica del potere :$bstoria concettuale come filosofia politica$9(OLS)http://semarc/title/452894 996 $6264$aRoma ; Bari :$bLaterza$9(OLS)http://semarc/publisher/30305 LEADER 01143nam a2200253 i 4500 001 000000042656 003 CaOOAMICUS 005 20090724000000.0 008 090724s1934 it u000 u ita u 013 $a13826 040 $aSeMil$bita 100 1 $aLangbehn, Julius.$0(OLS)http://semarc/name/21129 240 14$aDer Geist des Ganzen.$0(OLS)http://semarc/title/62294 245 13$aLo spirito del tutto /$cJulius Langbehn ; a cura di B. Momme Nissen ; prefazione di Guido Manacorda ; traduzione di Mario Berti. 260 $aBrescia :$bMorcelliana,$c1934. 300 $aXVI, 377 p., [1] ritr. ;$c19 cm. 650 4$aSpirito Santo.$0(OLS)http://semarc/subject/6528 700 1 $aBerti, Mario.$0(OLS)http://semarc/name/21131 700 1 $aManacorda, Guido,$d<1879-1965>.$0(OLS)http://semarc/name/5618 700 1 $aNissen, Benedikt Momme,$c.$0(OLS)http://semarc/name/21130 850 $aSeMil 852 $aSeMil$W1$xVenegono$y1$m2B I 146$j8811$B8811$CSeMilBibl$Z2$F8811 $81 996 $6245$aLo spirito del tutto$9(OLS)http://semarc/title/62293 996 $6260$aBrescia :$bMorcelliana$9(OLS)http://semarc/publisher/29629